| 000 | 00441ntaaa2200181 4500 | ||
|---|---|---|---|
| 003 | 01 | ||
| 005 | 20251027202625.0 | ||
| 008 | 0714s1973 ag 01 | ||
| 040 |
_aAR-BaBN _bspa _cAR-BaBN _eaacr _dRIC |
||
| 082 | _a371.0000 M772 | ||
| 100 |
_aMolina, C.L.O. de _925516 |
||
| 245 | _aSintesis pedagógica | ||
| 250 | _a3 ed. | ||
| 260 |
_aBuenos Aires : _bFerrari Hnos., _c1937 |
||
| 300 | _a531 p | ||
| 650 |
_aenseñanza _92886 |
||
| 942 | _cBK | ||
| 999 |
_c21371 _d21371 |
||